00263pab a2200109 454500008004000000100001700040245004300057260000900100300001400109650001100123773001900134180718b2003 xxu||||| |||| 00| 0 eng d aCaplan, Joel aPolice cynicism: police survival tool? c2003 ap.304-13. aPolice aPolice Journal